| 000 | 00776nam a22002177a 4500 | ||
|---|---|---|---|
| 003 | 0 | ||
| 005 | 20250902111021.0 | ||
| 008 | 250902b xxu||||| |||| 00| 0 eng d | ||
| 020 | _a978-1-032-68640-0 | ||
| 050 |
_aHN 29 _b.C74 2025 |
||
| 245 |
_aCreative research methods for critical event studies / _cedited by Louise Platt, Rebecca Finkel and Briony Sharp. |
||
| 260 |
_aNew York, NY : _bRoutledge, _c2025. |
||
| 300 |
_axii, 202 pages : _billustrations ; _c24 cm. |
||
| 504 | _aIncludes bibliographical references and index. | ||
| 650 |
_aSpecial events _xResearch _xMethodology. |
||
| 650 |
_aSocial sciences _xResearch _xMethodology. |
||
| 650 | _aCreative ability in research. | ||
| 650 |
_aFestivals _xResearch. |
||
| 650 | _aQualitative research. | ||
| 942 |
_2lcc _cBK |
||
| 999 |
_c367744 _d367744 |
||